000
00296nam a2200133Ia 4500
100
_a
Intems
942
_c
BK
654
_a
Automobile Machine
245
_a
Automobile Machine
260
_b
Skills For Progress . (SKIP)
_a
Bangalore
_c
1981
082
_a
629.2
300
_a
240
546
_a
ENGLISH
999
_c
19645
_d
19645